[Event "Saratov Autumn Higher School Realty"]
[Site "Saratov"]
[Date "2012.09.27"]
[Round "7.2"]
[White "Palin, Denis"]
[Black "Alimov, Ravil"]
[Result "1-0"]
[WhiteElo "2096"]
[BlackElo "1930"]
[PlyCount "65"]
[EventDate "2012.09.20"]
[EventType "swiss"]
[EventRounds "9"]
[EventCountry "RUS"]
[SourceTitle "EXT 2022"]
[Source "ChessBase"]
[SourceDate "2021.10.06"]
[SourceVersion "1"]
[SourceVersionDate "2021.10.06"]
[SourceQuality "1"]

1. c4 e5 2. Nc3 Nc6 3. g3 Nf6 4. Bg2 d6 5. e3 g6 6. Nge2 Bg7 7. d4 0-0 8. 0-0 Ne7 9. e4 Nd7 10. f4 f6 11. b3 b6 12. Bb2 Bb7 13. f5 g5 14. Bf3 a6 15. a4 Nb8 16. d5 h6 17. Kf2 Kh7 18. h4 gxh4 19. Rh1 Rh8 20. Rxh4 Kg8 21. Bc1 Kf8 22. Bh5 Ng8 23. Be3 a5 24. Ng1 Bc8 25. Nce2 Na6 26. g4 Ke7 27. Nf3 Nc5 28. Ng3 Nd7 29. Rh2 Nf8 30. Nh4 Bd7 31. Bg6 Be8 32. Nh5 Bxg6 33. fxg6 1-0

[Event "Saratov Autumn Cup High School Property"]
[Site "Saratov"]
[Date "2011.10.10"]
[Round "3.7"]
[White "Alimov, Ravil"]
[Black "Marizina, Yulia"]
[Result "0-1"]
[WhiteElo "1918"]
[BlackElo "1702"]
[PlyCount "112"]
[EventDate "2011.10.07"]
[EventType "swiss"]
[EventRounds "9"]
[EventCountry "RUS"]
[SourceTitle "EXT 2022"]
[Source "ChessBase"]
[SourceDate "2021.10.06"]
[SourceVersion "1"]
[SourceVersionDate "2021.10.06"]
[SourceQuality "1"]

1. e4 c5 2. Nf3 Nc6 3. g3 g6 4. Bg2 Bg7 5. d3 d6 6. 0-0 Nf6 7. c3 0-0 8. h3 h6 9. Be3 Rb8 10. Qd2 Kh7 11. Nh4 e5 12. Qe1 Nh5 13. f4 exf4 14. gxf4 f5 15. Kh2 Ne7 16. Rg1 fxe4 17. Bxe4 Nxf4 18. Bxf4 Rxf4 19. Nxg6 Nxg6 20. Rxg6 Kh8 21. Qg3 Qf8 22. Rxg7 Rf2+ 23. Bg2 Rxg2+ 24. Kxg2 Qxg7 25. Nd2 b6 26. Qxg7+ Kxg7 27. Re1 Rb7 28. Kg3 Bf5 29. Re3 Rd7 30. Nf3 Kf6 31. Nh4 Rg7+ 32. Kf4 Be6 33. a3 Rg5 34. Nf3 Rg2 35. Nh4 Rxb2 36. Ng6 Bxh3 37. Rxh3 Kxg6 38. Rg3+ Kf6 39. Rh3 Kg6 40. Rg3+ Kh7 41. Kf5 d5 42. Ke5 d4 43. c4 Rf2 44. a4 a5 45. Kd5 Rf5+ 46. Ke6 Rf1 47. Kd5 h5 48. Rg5 Kh6 49. Re5 Rf6 50. Re8 h4 51. Ke5 Kg5 52. Rh8 Rh6 53. Rg8+ Rg6 54. Rh8 Kg4 55. Rh7 h3 56. Ke4 Re6+ 0-1

[Event "Saratov Autumn Cup High School Property"]
[Site "Saratov"]
[Date "2011.10.08"]
[Round "2.3"]
[White "Eramian, Gamlet"]
[Black "Alimov, Ravil"]
[Result "1-0"]
[WhiteElo "2035"]
[BlackElo "1918"]
[PlyCount "123"]
[EventDate "2011.10.07"]
[EventType "swiss"]
[EventRounds "9"]
[EventCountry "RUS"]
[SourceTitle "EXT 2022"]
[Source "ChessBase"]
[SourceDate "2021.10.06"]
[SourceVersion "1"]
[SourceVersionDate "2021.10.06"]
[SourceQuality "1"]

1. d4 Nf6 2. Nf3 e6 3. g3 d5 4. c4 Be7 5. Bg2 0-0 6. Qc2 dxc4 7. Qxc4 a6 8. Qc2 b5 9. a3 Bb7 10. Nc3 c5 11. dxc5 Bxc5 12. 0-0 Qe7 13. Bg5 Nbd7 14. Rad1 Rac8 15. e4 h6 16. Bf4 e5 17. Bc1 b4 18. axb4 Bxb4 19. Nh4 Nb6 20. Qb3 Qc5 21. Na2 Ba5 22. Be3 Qc2 23. Nc1 Bxe4 24. Bxe4 Nxe4 25. Qxc2 Rxc2 26. b4 Bxb4 27. Bxb6 Nc3 28. Nd3 Ne2+ 29. Kh1 Bc3 30. Nf5 f6 31. Ne3 Ra2 32. Nc1 Nxc1 33. Rxc1 Bd2 34. Ra1 Rxa1 35. Rxa1 Bxe3 36. Bxe3 Ra8 37. Kg2 Kf7 38. Bb6 Kg6 39. Ra5 Kf7 40. Rc5 Kg6 41. Kf3 Rb8 42. Rc6 Ra8 43. Ba5 h5 44. Ke4 Ra7 45. Rd6 Ra8 46. Kd5 Kf5 47. Rc6 Ra7 48. Kc5 Rb7 49. Rxa6 Rb2 50. Be1 Re2 51. Ra1 g5 52. Kd6 Kg4 53. Ke6 f5 54. h3+ Kxh3 55. Kxf5 g4 56. Kg5 Kg2 57. Kxh5 Re4 58. Kg5 Kf3 59. Ra3+ Kg2 60. Re3 Rxe3 61. fxe3 Kf3 62. e4 1-0

[Event "Saratov Autumn Cup High School Property"]
[Site "Saratov"]
[Date "2011.10.07"]
[Round "1.9"]
[White "Alimov, Ravil"]
[Black "Vezinitsyn, Mikhail"]
[Result "1-0"]
[WhiteElo "1918"]
[BlackElo "1643"]
[PlyCount "45"]
[EventDate "2011.10.07"]
[EventType "swiss"]
[EventRounds "9"]
[EventCountry "RUS"]
[SourceTitle "EXT 2022"]
[Source "ChessBase"]
[SourceDate "2021.10.06"]
[SourceVersion "1"]
[SourceVersionDate "2021.10.06"]
[SourceQuality "1"]

1. e4 e5 2. Nf3 Nc6 3. Bb5 Nf6 4. Nc3 Bd6 5. 0-0 0-0 6. d4 exd4 7. Nxd4 Re8 8. f3 Qe7 9. Nf5 Bc5+ 10. Be3 Qe5 11. Kh1 Bxe3 12. Nxe3 Qg5 13. Ned5 Nxd5 14. Nxd5 Qd8 15. Nc3 Ne5 16. f4 Ng6 17. Bc4 c6 18. e5 a5 19. a4 Rb8 20. Qd6 Ra8 21. Rad1 Qh4 22. Ne4 Nxe5 23. fxe5 1-0

[Event "Saratov Summer Cup High school prop"]
[Site "Saratov"]
[Date "2011.06.29"]
[Round "2.2"]
[White "Alimov, Ravil"]
[Black "Efimov, Ivan"]
[Result "0-1"]
[WhiteElo "1872"]
[BlackElo "2198"]
[PlyCount "46"]
[EventDate "2011.06.27"]
[EventType "swiss"]
[EventRounds "9"]
[EventCountry "RUS"]
[SourceTitle "EXT 2022"]
[Source "ChessBase"]
[SourceDate "2021.10.06"]
[SourceVersion "1"]
[SourceVersionDate "2021.10.06"]
[SourceQuality "1"]

1. e4 e5 2. Nf3 Nc6 3. Bb5 Bc5 4. 0-0 Nge7 5. c3 Bb6 6. d4 exd4 7. Nxd4 Nxd4 8. cxd4 c6 9. Ba4 d5 10. e5 Nf5 11. Be3 0-0 12. Nc3 f6 13. exf6 Qxf6 14. Ne2 Bd7 15. Bc2 Rae8 16. Qd3 g6 17. Rae1 Nh4 18. Ng3 Nxg2 19. Rd1 Bh3 20. Bh6 Nf4 21. Qd2 Bxf1 22. Bxf8 Rxf8 23. Kxf1 Qe6 0-1

[Event "Saratov RSOCF 10"]
[Site "Saratov"]
[Date "2010.10.16"]
[Round "6.2"]
[White "Alimov, Ravil"]
[Black "Palin, Denis"]
[Result "1/2-1/2"]
[WhiteElo "1869"]
[BlackElo "1991"]
[PlyCount "54"]
[EventDate "2010.10.11"]
[EventType "tourn"]
[EventRounds "11"]
[EventCountry "RUS"]
[SourceTitle "EXT 2023"]
[Source "ChessBase"]
[SourceDate "2022.10.05"]
[SourceVersion "1"]
[SourceVersionDate "2022.10.05"]
[SourceQuality "1"]

1. e4 e6 2. d4 d5 3. Nc3 Nf6 4. Bg5 dxe4 5. Nxe4 Be7 6. Bxf6 Bxf6 7. Nf3 Nd7 8. Qd2 b6 9. Bd3 Bb7 10. 0-0-0 Qe7 11. c3 0-0-0 12. Rhe1 Rhe8 13. Qe3 Kb8 14. Re2 g6 15. Nxf6 Nxf6 16. Ne5 Nd5 17. Qg3 f6 18. Ng4 Qd6 19. Qxd6 cxd6 20. g3 f5 21. Ne3 Nf6 22. Rc2 e5 23. dxe5 dxe5 24. Be2 g5 25. Rxd8+ Rxd8 26. Rd2 Rxd2 27. Kxd2 Ne4+ 1/2-1/2

[Event "Saratov RSOCF 07"]
[Site "Saratov"]
[Date "2010.07.13"]
[Round "7"]
[White "Fedukin, Alexandre"]
[Black "Alimov, Ravil"]
[Result "0-1"]
[WhiteElo "1933"]
[BlackElo "1849"]
[PlyCount "84"]
[EventDate "2010.07.02"]
[EventType "tourn"]
[EventRounds "9"]
[EventCountry "RUS"]
[SourceTitle "EXT 2012"]
[Source "ChessBase"]
[SourceDate "2011.11.24"]
[SourceVersion "1"]
[SourceVersionDate "2011.11.24"]
[SourceQuality "1"]

1. c4 Nf6 2. Nc3 e5 3. Nf3 Nc6 4. e4 Bc5 5. Nxe5 Nxe5 6. d4 Bb4 7. dxe5 Nxe4 8. Qd4 Nxc3 9. bxc3 Be7 10. Qg4 Kf8 11. Be3 d5 12. Qf3 Be6 13. c5 c6 14. Bd4 Qa5 15. Qe3 b6 16. Qd2 bxc5 17. Be3 Rb8 18. Bd3 c4 19. Bc2 Rb2 20. 0-0 Ba3 21. Rab1 Ke7 22. Rxb2 Bxb2 23. Bg5+ Kd7 24. Rb1 Bxc3 25. Qf4 Qc7 26. Bf5 Bxe5 27. Bxe6+ Kxe6 28. Re1 f6 29. Qg4+ Kf7 30. f4 Bd4+ 31. Kf1 Qc8 32. Qd1 Bc3 33. Re3 d4 34. Rf3 Re8 35. Bh4 Qe6 36. f5 Qe4 37. Bf2 Rb8 38. Rxc3 dxc3 39. Qd7+ Qe7 40. Qd1 Qd8 41. Qh5+ Kg8 42. g3 c2 0-1

[Event "Saratov RSOCF 07"]
[Site "Saratov"]
[Date "2010.07.02"]
[Round "1"]
[White "Alimov, Ravil"]
[Black "Brekhov, Denis"]
[Result "1-0"]
[WhiteElo "1849"]
[BlackElo "1961"]
[PlyCount "63"]
[EventDate "2010.07.02"]
[EventType "tourn"]
[EventRounds "9"]
[EventCountry "RUS"]
[SourceTitle "EXT 2012"]
[Source "ChessBase"]
[SourceDate "2011.11.24"]
[SourceVersion "1"]
[SourceVersionDate "2011.11.24"]
[SourceQuality "1"]

1. e4 c5 2. Nf3 Nc6 3. g3 e5 4. Nc3 g6 5. Bg2 Bg7 6. 0-0 Nge7 7. d3 0-0 8. Nh4 d6 9. f4 f5 10. Be3 Nd4 11. Qd2 Nec6 12. Nd5 Bh6 13. Nf3 Nxf3+ 14. Rxf3 Be6 15. Raf1 Bxd5 16. exd5 exf4 17. gxf4 Nb8 18. h4 Nd7 19. h5 gxh5 20. Rh3 Nf6 21. Bf3 Bg7 22. Bxh5 Nxd5 23. Bf2 Nf6 24. Bf3 Rb8 25. Bh4 d5 26. Qg2 d4 27. Kh1 Qd7 28. Rg1 Kh8 29. Qg5 Rg8 30. Qxf6 Bxf6 31. Bxf6+ Rg7 32. Rxg7 1-0

[Event "Saratov"]
[Site "Saratov"]
[Date "2010.06.19"]
[Round "11"]
[White "Dudin, Denis"]
[Black "Alimov, Ravil"]
[Result "1-0"]
[WhiteElo "2066"]
[BlackElo "1849"]
[PlyCount "37"]
[EventDate "2010.06.12"]
[EventType "tourn"]
[EventRounds "13"]
[EventCountry "RUS"]
[SourceTitle "CBM 137 Extra"]
[Source "ChessBase"]
[SourceDate "2010.09.01"]
[SourceVersion "1"]
[SourceVersionDate "2010.09.01"]
[SourceQuality "1"]

1. Nf3 d5 2. c4 d4 3. b4 Bg4 4. Ne5 Bf5 5. e3 Qd6 6. Nf3 dxe3 7. fxe3 e5 8. Nc3 Nc6 9. c5 Qe7 10. Bb5 e4 11. Nd4 Bd7 12. Bxc6 bxc6 13. 0-0 h5 14. b5 cxb5 15. c6 Bg4 16. Qb3 Nf6 17. Ndxb5 Qe5 18. Bb2 a6 19. Nd5 1-0

[Event "Saratov"]
[Site "Saratov"]
[Date "2010.06.18"]
[Round "10"]
[White "Alimov, Ravil"]
[Black "Fedukin, Alexandre"]
[Result "0-1"]
[WhiteElo "1849"]
[BlackElo "2001"]
[PlyCount "92"]
[EventDate "2010.06.12"]
[EventType "tourn"]
[EventRounds "13"]
[EventCountry "RUS"]
[SourceTitle "CBM 137 Extra"]
[Source "ChessBase"]
[SourceDate "2010.09.01"]
[SourceVersion "1"]
[SourceVersionDate "2010.09.01"]
[SourceQuality "1"]

1. e4 e6 2. d4 d5 3. Nc3 dxe4 4. Nxe4 Nd7 5. Nf3 Ndf6 6. Bg5 Be7 7. Bxf6 Nxf6 8. Bd3 0-0 9. Qd2 Nd5 10. c3 f5 11. Nc5 b6 12. Nb3 a5 13. Rd1 a4 14. Nc1 Bb7 15. 0-0 Bd6 16. Ne5 Qh4 17. g3 Qh3 18. f4 Ne3 19. Rf2 Nxd1 20. Qxd1 Bxe5 21. fxe5 f4 22. Qf1 Qxf1+ 23. Rxf1 fxg3 24. hxg3 Rxf1+ 25. Bxf1 a3 26. b4 c5 27. bxc5 bxc5 28. Nb3 cxd4 29. Nxd4 Rc8 30. c4 Be4 31. Bh3 Bf5 32. Nxf5 exf5 33. Bxf5 Rb8 34. c5 Rb5 35. c6 Rc5 36. Bd7 Kf8 37. Bf5 Rxc6 38. Kf2 g6 39. Bd3 Re6 40. Kf3 Rxe5 41. Kf4 Rc5 42. g4 Kf7 43. Be4 Kf6 44. Bd3 h6 45. Be4 Rc4 46. Ke3 Kg5 0-1

[Event "Saratov"]
[Site "Saratov"]
[Date "2010.06.14"]
[Round "5"]
[White "Brekhov, Denis"]
[Black "Alimov, Ravil"]
[Result "1/2-1/2"]
[WhiteElo "1976"]
[BlackElo "1849"]
[PlyCount "90"]
[EventDate "2010.06.12"]
[EventType "tourn"]
[EventRounds "13"]
[EventCountry "RUS"]
[SourceTitle "CBM 137 Extra"]
[Source "ChessBase"]
[SourceDate "2010.09.01"]
[SourceVersion "1"]
[SourceVersionDate "2010.09.01"]
[SourceQuality "1"]

1. e4 e5 2. Nf3 Nc6 3. d4 exd4 4. Nxd4 Bc5 5. Be3 Qf6 6. c3 Nge7 7. Bc4 0-0 8. 0-0 d6 9. Nxc6 Nxc6 10. Bxc5 dxc5 11. f4 Na5 12. Bd3 c4 13. Bc2 Qb6+ 14. Kh1 Qxb2 15. Nd2 Rd8 16. Nxc4 Rxd1 17. Nxb2 Rxa1 18. Rxa1 Bg4 19. h3 Be2 20. Re1 Bb5 21. Rd1 Kf8 22. e5 h6 23. Be4 Ke7 24. c4 Be8 25. g4 Bc6 26. Bxc6 Nxc6 27. Kg2 Rd8 28. Rxd8 Kxd8 29. Kf3 Nb4 30. a4 Kd7 31. Ke4 Na2 32. Nd1 a6 33. h4 b6 34. h5 c6 35. g5 Nc1 36. Nf2 Ne2 37. Kf3 Nd4+ 38. Ke4 Ne2 39. gxh6 gxh6 40. Kf3 Nd4+ 41. Ke4 Ne2 42. Kf5 Ng3+ 43. Kg4 Nf1 44. Kf5 Ng3+ 45. Kg4 Nf1 1/2-1/2

[Event "Saratov op"]
[Site "Saratov"]
[Date "2010.06.09"]
[Round "9"]
[White "Alimov, Ravil"]
[Black "Berezhnov, Dmitry"]
[Result "0-1"]
[WhiteElo "1849"]
[BlackElo "1860"]
[PlyCount "110"]
[EventDate "2010.06.01"]
[EventType "swiss"]
[EventRounds "9"]
[EventCountry "RUS"]
[SourceTitle "CBM 137 Extra"]
[Source "ChessBase"]
[SourceDate "2010.09.01"]
[SourceVersion "1"]
[SourceVersionDate "2010.09.01"]
[SourceQuality "1"]

1. e4 c6 2. d4 d5 3. e5 Bf5 4. Nf3 e6 5. Be2 Ne7 6. b3 c5 7. Bb2 Nbc6 8. Nbd2 Ng6 9. c3 Nf4 10. 0-0 Nxe2+ 11. Qxe2 cxd4 12. cxd4 Be7 13. a3 0-0 14. Rfc1 Qd7 15. Rc3 Rfc8 16. Rac1 Rc7 17. b4 Rac8 18. Nb3 b6 19. Qa6 Bd8 20. Qb5 Nxe5 21. Qxd7 Nxd7 22. Ne5 Rxc3 23. Rxc3 Rxc3 24. Bxc3 Nxe5 25. dxe5 Bc7 26. f4 Kf8 27. Kf2 a6 28. Ke3 Ke7 29. Nd4 Be4 30. g4 f6 31. Ne2 fxe5 32. Bxe5 Bxe5 33. fxe5 g5 34. Ng3 Bg6 35. Ne2 h6 36. Nc3 Kd7 37. Ne2 Bc2 38. Nc3 Kc6 39. Ne2 Bd1 40. Nd4+ Kd7 41. h3 Ba4 42. Kd2 Ke7 43. Kc3 Be8 44. Kb3 Kd7 45. a4 Bg6 46. Nf3 Be4 47. Ng1 d4 48. b5 axb5 49. axb5 Bd3 50. Kb4 Bf1 51. Ka4 d3 52. Kb3 d2 53. Kc2 Bxb5 54. Kxd2 Kc6 55. Ke3 Kd5 0-1

[Event "Saratov op"]
[Site "Saratov"]
[Date "2010.06.01"]
[Round "1"]
[White "Alimov, Ravil"]
[Black "Popov, Roman"]
[Result "0-1"]
[WhiteElo "1849"]
[BlackElo "2362"]
[PlyCount "52"]
[EventDate "2010.06.01"]
[EventType "swiss"]
[EventRounds "9"]
[EventCountry "RUS"]
[SourceTitle "CBM 137 Extra"]
[Source "ChessBase"]
[SourceDate "2010.09.01"]
[SourceVersion "1"]
[SourceVersionDate "2010.09.01"]
[SourceQuality "1"]

1. e4 e6 2. d4 d5 3. Nc3 Bb4 4. e5 c5 5. a3 Bxc3+ 6. bxc3 Ne7 7. Qg4 Qc7 8. Nf3 cxd4 9. Qxd4 Ng6 10. h4 Nc6 11. Bb5 h5 12. a4 Bd7 13. Bxc6 Qxc6 14. 0-0 Qa6 15. Rd1 Rc8 16. Nd2 Ne7 17. Bb2 Nf5 18. Qf4 Rh6 19. g3 Rg6 20. Kh2 Rg4 21. Qf3 Bc6 22. Qd3 Qb6 23. Rf1 Rxa4 24. Ba3 Bb5 25. Qf3 Bxf1 26. Nxf1 g6 0-1

[Event "Saratov RSOCF 02"]
[Site "Saratov"]
[Date "2010.02.20"]
[Round "7"]
[White "Brekhov, Denis"]
[Black "Alimov, Ravil"]
[Result "1-0"]
[WhiteElo "1990"]
[BlackElo "1854"]
[PlyCount "39"]
[EventDate "2010.02.14"]
[EventType "tourn"]
[EventRounds "7"]
[EventCountry "RUS"]
[SourceTitle "EXT 2012"]
[Source "ChessBase"]
[SourceDate "2011.11.24"]
[SourceVersion "1"]
[SourceVersionDate "2011.11.24"]
[SourceQuality "1"]

1. e4 e5 2. Nf3 Nf6 3. Nxe5 d6 4. Nf3 Nxe4 5. Nc3 Nxc3 6. dxc3 Be7 7. Bf4 a6 8. Qd2 Nc6 9. 0-0-0 Be6 10. Kb1 Qd7 11. Bd3 0-0-0 12. Qe2 h6 13. Bxa6 bxa6 14. Qxa6+ Kb8 15. Be3 Bf6 16. Rd3 Bxa2+ 17. Qxa2 Qe6 18. Qa6 d5 19. c4 Nd4 20. Rb3+ 1-0

[Event "Saratov RSOCF 02"]
[Site "Saratov"]
[Date "2010.02.15"]
[Round "2"]
[White "Alimov, Ravil"]
[Black "Eramian, Gamlet"]
[Result "0-1"]
[WhiteElo "1854"]
[BlackElo "1993"]
[PlyCount "142"]
[EventDate "2010.02.14"]
[EventType "tourn"]
[EventRounds "7"]
[EventCountry "RUS"]
[SourceTitle "EXT 2012"]
[Source "ChessBase"]
[SourceDate "2011.11.24"]
[SourceVersion "1"]
[SourceVersionDate "2011.11.24"]
[SourceQuality "1"]

1. e4 c5 2. Nf3 g6 3. d4 cxd4 4. Nxd4 Bg7 5. Nc3 Nc6 6. Be3 Nf6 7. f3 0-0 8. Bc4 d6 9. Qd2 Bd7 10. 0-0-0 Rc8 11. Bb3 Ne5 12. Kb1 Re8 13. g4 b5 14. h4 h5 15. gxh5 Nxh5 16. Rdg1 Nc4 17. Bxc4 Rxc4 18. Nce2 Qc7 19. Ng3 Nxg3 20. Rxg3 d5 21. Rg2 Qe5 22. Rg5 Qf6 23. Rxd5 e5 24. Bg5 Qb6 25. Nb3 Be6 26. Rd6 Qc7 27. Rd8 Rxd8 28. Qxd8+ Qxd8 29. Bxd8 Rc8 30. Rd1 Bc4 31. Nc1 Bh6 32. b3 Be6 33. Ne2 Kg7 34. Ba5 Be3 35. Nc3 Bb6 36. Bxb6 Rxc3 37. Bxa7 Rxf3 38. Bb8 Kf6 39. Bc7 Rf4 40. Re1 Bh3 41. Kb2 Bg2 42. Re2 Bf3 43. Re3 Bxe4 44. a4 bxa4 45. bxa4 Kf5 46. a5 f6 47. a6 Ba8 48. a7 Rb4+ 49. Kc1 Rxh4 50. Rb3 Ra4 51. Bb6 g5 52. Kd2 g4 53. Ke2 Ra2 54. Kd2 Be4 55. Rc3 Ke6 56. Kc1 Ra6 57. Bf2 f5 58. Rc8 f4 59. Re8+ Kd6 60. Rd8+ Kc7 61. Rg8 g3 62. Bc5 Kd7 63. Rg5 Ke6 64. Rg8 Kf5 65. Rg7 Ra2 66. c3 g2 67. Kd1 Ra5 68. Bb6 Ra1+ 69. Ke2 f3+ 70. Kf2 Ra2+ 71. Kg3 g1Q+ 0-1